000 00428nmm a2200157Ia 4500
008 251105s9999||||xx |||||||||||||||||und||
041 _aspa
100 _aMira, Alberto
245 0 _aComo la tentación
264 _a[Madrid, España] :
_bEditorial Egales,
_c2019
300 _a92 páginas
490 _aNarrativa
650 _aSpanish narrative
856 _uhttps://public.digitaliapublishing.com/a/156327
942 _cCF
999 _c100241
_d100241